000 00666nam0a22002531 4500
001 RU\NLR\INFOCOMM10\ROSSICA\1000070168
005 20250613190558.0
035 _a(NLR Aleph) 009914469
090 _a10634618
_c10634618
100 _a20031001d1899 |||y0rusy50 ca
101 0 _alat
102 _aRU
105 _ay ||||000ay
200 1 _aJoannis Geometrae carmen de S.Panteleemone
_eCracoviae 1892
_fSternbach, L.
210 _aСПб.
_d1899
215 _d
700 1 _aSternbach
_bL.
_4070
801 1 _aRU
_bInfoComm
_c20031001
801 0 _aRU
_bNLR
_gPSBO
852 _aNLR
_j30.2.9.133
942 _cBOOK
980 _aNB
980 _aRossica